[Event "DVM U20 2013"]
[Site "Osnabrück GER"]
[Date "2013.12.27"]
[Round "1"]
[White "Schröder, Kevin"]
[Black "Kieslich, Aaron"]
[Result "1-0"]
[Termination "normal"]
[Board "5.1"]
[WhiteElo "2129"]
[BlackElo "2021"]
[WhiteTeam "LSV Turm Lippstadt"]
[BlackTeam "TuS Coswig 1920"]
[WhiteFideId "12929840"]
[BlackFideId "1270391"]
[EventCountry "GER"]
[EventRounds "7"]
[EventType "team-swiss"]
[EventDate "2013.12.26"]

1. d4 Nf6 2. c4 e6 3. Nc3 Bb4 4. e3 c5 5. Nge2 O-O 6. a3 Bxc3+ 7. Nxc3 cxd4 8.
exd4 d5 9. cxd5 Nxd5 10. Bd3 Qf6 11. Be4 Nc6 12. O-O Qxd4 13. Qc2 Nf6 14. Be3
Qe5 15. f4 Qh5 16. Rf3 e5 17. f5 Ng4 18. Rh3 Nxe3 19. Qf2 Ng4 20. Qd2 Rd8 21.
Qxd8+ Nxd8 22. Rxh5 g6 23. Rg5 Nf6 24. fxg6 hxg6 25. Rxe5 Be6 26. Rf1 Nxe4 27.
Nxe4 Nc6 28. Rc1 Rd8 29. Re1 Rd4 30. Ng5 Bb3 31. R5e2 Bd5 32. Nf3 Rd3 33. Rd2
Rxd2 34. Nxd2 Kg7 35. Rd1 Nd4 36. Rc1 Kf6 37. Nc4 Nf5 38. Na5 Nd6 39. Rc3 Ke5
40. Nb3 Ne4 41. Re3 Kf4 42. Re1 Bc4 43. g3+ Ke5 44. Re3 f5 {Nicht weiter
rekonstruierbar. Partie kann Fehler enthalten.} 1-0

[Event "DVM U20 2013"]
[Site "Osnabrück GER"]
[Date "2013.12.27"]
[Round "1"]
[White "Linnemann, Niklas"]
[Black "Tran, Duc Cuong"]
[Result "1-0"]
[Termination "normal"]
[Board "5.2"]
[WhiteElo "1972"]
[BlackElo "2086"]
[WhiteTeam "TuS Coswig 1920"]
[BlackTeam "LSV Turm Lippstadt"]
[WhiteFideId "24695645"]
[BlackFideId "24689718"]
[EventCountry "GER"]
[EventRounds "7"]
[EventType "team-swiss"]
[EventDate "2013.12.26"]

1. e4 c5 2. Nf3 e6 3. d4 cxd4 4. Nxd4 a6 5. Nc3 Qc7 6. Bd3 Bd6 7. Qg4 h5 8. Qe2
Nf6 9. Bd2 Nc6 10. Nf3 Bc5 11. h3 d6 12. O-O Bd7 13. Bf4 Nd4 14. Qd1 Nxf3+ 15.
Qxf3 O-O-O 16. Qg3 h4 17. Qg5 Rdg8 18. Be3 Bxe3 19. Qxe3 g5 20. g4 Bc6 21. Ne2
d5 22. f3 Nd7 23. c4 dxe4 24. Bxe4 Qe5 25. Qd4 Qxd4+ 26. Nxd4 Bxe4 27. fxe4 Ne5
28. b3 Kd7 29. Nf3 Nxf3+ 30. Rxf3 Ke7 31. Raf1 Rg7 32. Kf2 Rc8 33. Ke3 b5 34.
Kd4 Rd8+ 35. Kc5 Rc8+ 36. Kb4 bxc4 37. bxc4 Rb8+ 38. Kc5 Rc8+ 39. Kd4 Rd8+ 40.
Kc3 Rc8 41. e5 Rc5 42. Kd4 Rc7 43. R1f2 Rh7 44. Ra3 Rh8 45. Rxa6 Rd8+ 46. Kc3
Rd1 47. Ra5 Rc1+ 48. Rc2 Rh1 49. Kb4 Rxh3 50. Kb5 Rd3 51. c5 Rb7+ 52. Ka6 Rdd7
53. c6 Ra7+ 54. Kb6 Rxa5 55. Kxa5 Rd5+ 56. Kb6 Kd8 57. Rf2 h3 58. c7+ Kc8 59.
Rxf7 Rd2 60. Rf8+ 1-0

[Event "DVM U20 2013"]
[Site "Osnabrück GER"]
[Date "2013.12.27"]
[Round "1"]
[White "Kuckling, Jonas"]
[Black "Müller, Richard"]
[Result "0-1"]
[Termination "normal"]
[Board "5.3"]
[WhiteElo "1625"]
[BlackElo "2122"]
[WhiteTeam "LSV Turm Lippstadt"]
[BlackTeam "TuS Coswig 1920"]
[WhiteFideId "24603856"]
[BlackFideId "24647128"]
[EventCountry "GER"]
[EventRounds "7"]
[EventType "team-swiss"]
[EventDate "2013.12.26"]

1. d4 Nf6 2. c4 g6 3. Nc3 d5 4. cxd5 Nxd5 5. Bd2 Bg7 6. e4 Nb6 7. Be3 O-O 8.
Be2 Nc6 9. d5 Ne5 10. Qb3 Bh8 11. Nf3 Nxf3+ 12. gxf3 e6 13. Rd1 Qh4 14. Nb5 Bd7
15. Rc1 exd5 16. Nxc7 d4 17. Bd2 Rac8 18. Bb4 Qf4 19. Bd2 Qe5 20. Nd5 Be6 21.
Rxc8 Rxc8 22. Bf4 Qh5 23. Rg1 h6 24. Kd2 Nxd5 25. exd5 Bxd5 26. Qd3 Bc4 27. Qe4
Qa5+ 28. Kd1 Qxa2 29. Qxb7 Bb3+ 30. Kd2 Qxb2+ 0-1

[Event "DVM U20 2013"]
[Site "Osnabrück GER"]
[Date "2013.12.27"]
[Round "1"]
[White "Pönisch, Johannes"]
[Black "Kuckling, Linus"]
[Result "1-0"]
[Termination "normal"]
[Board "5.4"]
[WhiteElo "1987"]
[BlackElo "1672"]
[WhiteTeam "TuS Coswig 1920"]
[BlackTeam "LSV Turm Lippstadt"]
[WhiteFideId "24603201"]
[BlackFideId "24658243"]
[EventCountry "GER"]
[EventRounds "7"]
[EventType "team-swiss"]
[EventDate "2013.12.26"]

1. e4 e5 2. Nf3 d6 3. d4 exd4 4. Nxd4 Nf6 5. Nc3 Be7 6. Be2 O-O 7. O-O Re8 8.
Bg5 Nc6 9. Nxc6 bxc6 10. Qd3 h6 11. Bf4 Be6 12. Rad1 Nd7 13. b3 Bf6 14. Na4 Ne5
15. Qd2 Ng6 16. Bg3 Qe7 17. f4 d5 18. f5 Bxf5 19. exf5 Qxe2 20. fxg6 fxg6 21.
Rfe1 Qxd2 22. Rxd2 Rf8 23. Bxc7 Rf7 24. Bg3 Raf8 25. Bf2 Be7 26. Rde2 Bd6 27.
Bc5 *

[Event "DVM U20 2013"]
[Site "Osnabrück GER"]
[Date "2013.12.27"]
[Round "1"]
[White "Scheer, Maximilian"]
[Black "von Koslowski, Utz"]
[Result "1/2-1/2"]
[Termination "normal"]
[Board "5.5"]
[WhiteElo "1752"]
[BlackElo "1764"]
[WhiteTeam "LSV Turm Lippstadt"]
[BlackTeam "TuS Coswig 1920"]
[WhiteFideId "12927732"]
[BlackFideId "12964247"]
[EventCountry "GER"]
[EventRounds "7"]
[EventType "team-swiss"]
[EventDate "2013.12.26"]

1. e4 d6 2. d4 Nf6 3. Nc3 g6 4. f3 Bg7 5. Be3 O-O 6. Qd2 Re8 7. O-O-O c6 8. g4
b5 9. e5 dxe5 10. dxe5 Qxd2+ 11. Bxd2 Nfd7 12. f4 Nb6 13. h3 Bd7 14. Bg2 b4 15.
Ne4 a5 16. Nc5 Nd5 17. Ne2 Bc8 18. Nd4 e6 19. h4 Nd7 20. Ne4 c5 21. Nb5 Ba6 22.
Nbd6 Rf8 23. g5 Rae8 24. h5 Nxe5 25. fxe5 Bxe5 26. Nxf7 Rxf7 27. hxg6 hxg6 28.
Nxc5 Bc8 29. Be4 Ne7 30. Rh6 Bg7 31. Rh2 Ref8 32. Bd3 Bd4 33. Ne4 Be5 34. Rh6
Bg7 35. Rh2 Nf5 36. Rdh1 Bb7 37. Re1 Be5 38. Rhe2 Nd4 39. Rg2 Nf3 40. Ree2 Nd4
41. Re1 Nf3 42. Rd1 Nxd2 43. Kxd2 Bxb2 44. Rh2 Bxe4 45. Bxe4 Rd8+ 46. Bd3 e5
47. Ke2 Kg7 48. Rdh1 Rd6 49. Bc4 Kf8 50. Bxf7 Kxf7 51. Rf2+ Kg7 52. Rd1 Bd4 53.
Rf3 Rc6 54. Rd2 a4 55. Kd3 Bc3 56. Rdf2 Rc7 57. Ke4 Rd7 58. Rd3 Bd4 59. Rf6 Rc7
60. Rd2 Rc3 61. Rd6 Rg3 62. Rd7+ Kg8 63. Rh2 Rxg5 64. Rhh7 Rg2 65. Rhe7 Rf2 66.
Re8+ Rf8 67. Rxf8+ Kxf8 68. Rb7 Bc3 69. Kf3 g5 70. Ke2 g4 71. Kf2 e4 72. Rd7
Be5 73. Rd5 Bc7 74. Rg5 g3+ 75. Ke3 Kf7 76. Kxe4 Kf6 77. Rg4 Bd6 78. Rg8 Bc7
1/2-1/2

[Event "DVM U20 2013"]
[Site "Osnabrück GER"]
[Date "2013.12.27"]
[Round "1"]
[White "Merker, Konstantin"]
[Black "Valledor Pereira, Dominik Damian"]
[Result "1/2-1/2"]
[Termination "normal"]
[Board "5.6"]
[WhiteElo "1727"]
[BlackElo "1571"]
[WhiteTeam "TuS Coswig 1920"]
[BlackTeam "LSV Turm Lippstadt"]
[WhiteFideId "12964239"]
[BlackFideId "1271860"]
[EventCountry "GER"]
[EventRounds "7"]
[EventType "team-swiss"]
[EventDate "2013.12.26"]

1. d4 d5 2. c4 e6 3. Nc3 Nf6 4. Nf3 Nbd7 5. e3 Bd6 6. Bd3 O-O 7. O-O a6 8. cxd5
Nxd5 9. Re1 Nxc3 10. bxc3 e5 11. Qc2 h6 12. e4 Qe7 13. Bb2 c5 14. Rad1 b5 15.
dxe5 Nxe5 16. Nxe5 Qxe5 17. g3 c4 18. Bf1 Bb7 19. Bc1 Qe7 20. Bg2 Rfe8 21. Be3
Bc5 22. Bxc5 Qxc5 23. Rd4 Rad8 24. Red1 Qc7 25. Qd2 Rxd4 26. Qxd4 Qe5 27. Qd7
Qe7 28. f3 Kf8 29. Qxe7+ Kxe7 30. Kf2 Bc8 31. Ke3 Be6 32. a3 Rb8 33. f4 Rb6 34.
e5 a5 35. Bd5 b4 36. Bxe6 fxe6 37. cxb4 axb4 38. axb4 Rxb4 39. Rd2 h5 40. Kd4
g6 41. Rc2 Ra4 42. Rxc4 Ra2 43. h3 Rh2 44. h4 Rd2+ 45. Ke3 Rd7 46. Rc3 Rb7 47.
g4 hxg4 48. Kf2 Rb1 49. Rg3 Rb2+ 50. Kg1 Kf7 51. Rxg4 Re2 52. Rg2 Re4 53. Rf2
Kg7 54. Kg2 Kh6 55. Kg3 Kh5 56. Rf3 Re1 57. Rd3 Re2 58. Rd6 Re3+ 59. Kf2 Kg4
60. Rxe6 Rf3+ 61. Ke2 Rxf4 62. Rxg6+ Kf5 63. Rg5+ Ke6 64. h5 Re4+ 65. Kf3 Rxe5
66. Rg6+ Kf7 67. Kg4 Re8 68. Kg5 Rg8 69. Kh6 Rh8+ 70. Kg5 Rg8 71. Kf5 Rxg6 72.
hxg6+ Kg7 73. Kg5 1/2-1/2

[Event "DVM U20 2013"]
[Site "Osnabrück GER"]
[Date "2013.12.27"]
[Round "1"]
[White "Miller, Eduard"]
[Black "Mao, Kevin"]
[Result "0-1"]
[Termination "normal"]
[Board "6.1"]
[WhiteElo "2094"]
[BlackElo "1951"]
[WhiteTeam "SC Forchheim"]
[BlackTeam "SK Gernsheim"]
[WhiteFideId "24687022"]
[BlackFideId "1271183"]
[EventCountry "GER"]
[EventRounds "7"]
[EventType "team-swiss"]
[EventDate "2013.12.26"]

1. e4 e5 2. Nf3 Nc6 3. Bc4 Bc5 4. O-O d6 5. c3 Bg4 6. b4 Bb6 7. a4 a6 8. d3 Nf6
9. h3 Bh5 10. g4 Bg6 11. Nh4 Nxe4 12. Nxg6 hxg6 13. dxe4 Rxh3 14. g5 Qd7 15.
Kg2 O-O-O 16. Be2 Rh2+ 17. Kxh2 Rh8+ 18. Bh5 Rxh5+ 19. Qxh5 gxh5 20. f3 Ne7 21.
Kg2 Qe6 22. Na3 d5 23. Re1 f6 24. exd5 Nxd5 25. Bd2 a5 26. Re4 f5 27. Re2 f4
28. Nc4 Be3 29. Nxe3 fxe3 30. Bxe3 Nxc3 31. Ree1 e4 32. Bd4 exf3+ 33. Kf2 Ne4+
34. Kxf3 Nxg5+ 35. Kf2 Qf5+ 36. Ke2 Qc2+ 0-1

[Event "DVM U20 2013"]
[Site "Osnabrück GER"]
[Date "2013.12.27"]
[Round "1"]
[White "Di Capua, Francesco Stefano"]
[Black "Killmann, Martin"]
[Result "1/2-1/2"]
[Termination "normal"]
[Board "6.2"]
[WhiteElo "1818"]
[BlackElo "1829"]
[WhiteTeam "SK Gernsheim"]
[BlackTeam "SC Forchheim"]
[WhiteFideId "24698903"]
[BlackFideId "24651559"]
[EventCountry "GER"]
[EventRounds "7"]
[EventType "team-swiss"]
[EventDate "2013.12.26"]

1. e4 e6 2. b3 Nf6 3. e5 Ne4 4. Qf3 d5 5. exd6 Nxd6 6. Bb2 Bd7 7. Qd1 Bc6 8.
Nf3 Nd7 9. Be2 Nf6 10. O-O Be7 11. Ne5 Be4 12. Nc3 Bf5 13. d4 O-O 14. g4 Be4
15. Nxe4 Ndxe4 16. Bf3 c6 17. Qe2 Nd6 18. Rad1 Nd5 19. Nd3 Bg5 20. Bg2 Nb5 21.
Qe1 Nf4 22. Nxf4 Bxf4 23. Qe4 Qg5 24. Rd3 Kh8 25. h4 f5 26. hxg5 fxe4 27. Bxe4
Bxg5 28. Rh3 h6 29. c4 Nc7 30. Re1 Rad8 31. Rd3 Rf7 32. Red1 Rfd7 33. d5 cxd5
34. Be5 Na6 35. Bg2 Nc5 36. Rd4 dxc4 37. bxc4 Kg8 38. f4 Be7 39. Rxd7 Rxd7 40.
Rxd7 Nxd7 41. Bxb7 1/2-1/2

[Event "DVM U20 2013"]
[Site "Osnabrück GER"]
[Date "2013.12.27"]
[Round "1"]
[White "Mann, Johannes"]
[Black "Müller, Markus"]
[Result "1/2-1/2"]
[Termination "normal"]
[Board "6.3"]
[WhiteElo "1910"]
[BlackElo "1807"]
[WhiteTeam "SC Forchheim"]
[BlackTeam "SK Gernsheim"]
[WhiteFideId "24691380"]
[BlackFideId "24660590"]
[EventCountry "GER"]
[EventRounds "7"]
[EventType "team-swiss"]
[EventDate "2013.12.26"]

1. d4 d5 2. c4 dxc4 3. e3 e6 4. Bxc4 Nf6 5. Nc3 a6 6. a4 c5 7. Nf3 Nc6 8. O-O
Be7 9. Ne5 Nb4 10. b3 O-O 11. Bb2 b6 12. Qd2 Qc7 13. Rad1 Bb7 14. f4 cxd4 15.
exd4 Nfd5 16. f5 Nxc3 17. Bxc3 Nd5 18. Bb2 Qd6 19. Bd3 exf5 20. Bxf5 g6 21. Be4
Rae8 22. Rf3 Bg5 23. Qf2 Qe6 24. Ba3 Be7 25. Bxe7 Rxe7 26. Re1 Rfe8 27. h3 Kg7
28. Nd3 Qd7 29. Bxd5 Qxd5 30. Rxe7 Rxe7 31. Nf4 Qe4 32. Nd3 Qe6 33. Nf4 Qe4 34.
Nd3 1/2-1/2

[Event "DVM U20 2013"]
[Site "Osnabrück GER"]
[Date "2013.12.27"]
[Round "1"]
[White "Fornoff, Robin"]
[Black "Stephan, Michael"]
[Result "0-1"]
[Termination "normal"]
[Board "6.4"]
[WhiteElo "1912"]
[BlackElo "1863"]
[WhiteTeam "SK Gernsheim"]
[BlackTeam "SC Forchheim"]
[WhiteFideId "24698890"]
[BlackFideId "24656852"]
[EventCountry "GER"]
[EventRounds "7"]
[EventType "team-swiss"]
[EventDate "2013.12.26"]

1. e4 e5 2. Bc4 Nc6 3. Nc3 Bc5 4. Qg4 g6 5. Qf3 Nf6 6. Nge2 d6 7. d3 Bg4 8. Qg3
Qd7 9. Nd5 Nxd5 10. exd5 Ne7 11. f3 Bf5 12. Nc3 O-O-O 13. Qh4 h6 14. Bb5 c6 15.
dxc6 bxc6 16. Ba6+ Kb8 17. Qa4 Ka8 18. g4 Be6 19. Ne4 Bb6 20. Bd2 f5 21. Nc3
fxg4 22. O-O-O gxf3 23. Rdf1 Rhf8 24. Bxh6 Bh3 25. Bxf8 Rxf8 26. Rd1 Bg2 27. d4
Bxd4 28. Ne4 Bxh1 29. Rxh1 Rf4 30. Qb3 Rxe4 31. Qxf3 Rf4 32. Qb3 Bb6 33. Rd1 d5
34. Qc3 d4 35. Qb3 Rf6 36. a4 Nd5 37. c4 dxc3 38. bxc3 Qc7 39. c4 Ne3 40. Re1
Rf3 0-1

[Event "DVM U20 2013"]
[Site "Osnabrück GER"]
[Date "2013.12.27"]
[Round "1"]
[White "Wagner, Robert"]
[Black "Rothermel, Tim"]
[Result "1-0"]
[Termination "normal"]
[Board "6.5"]
[WhiteElo "1848"]
[BlackElo "1759"]
[WhiteTeam "SC Forchheim"]
[BlackTeam "SK Gernsheim"]
[WhiteFideId "24656879"]
[BlackFideId "24660647"]
[EventCountry "GER"]
[EventRounds "7"]
[EventType "team-swiss"]
[EventDate "2013.12.26"]

1. d4 Nf6 2. c4 d6 3. Nc3 g6 4. e4 Bg7 5. f3 O-O 6. Be3 c5 7. d5 Na6 8. Qd2 Nc7
9. Bd3 a6 10. h4 h5 11. Nge2 Bd7 12. e5 Nh7 13. e6 fxe6 14. Bxg6 Be8 15. Bc2
exd5 16. cxd5 Nf6 17. Nf4 b5 18. Ne4 b4 19. Qd3 c4 20. Nxf6+ Rxf6 21. Qh7+ Kf8
22. Bd4 e5 23. dxe6 Nxe6 24. Bxf6 Qxf6 25. Nxe6+ Qxe6+ 26. Qe4 Qxe4+ 27. Bxe4
Bxb2 28. Bxa8 Bxa1 29. Bd5 Bb5 30. Kd1 Be5 31. g4 Ba4+ 32. Kc1 Bf4+ 33. Kb1 c3
34. Bb3 Be8 35. Rd1 a5 36. Rd5 Bg3 37. Rxa5 hxg4 38. fxg4 Bxh4 39. Rf5+ Ke7 40.
Rf4 d5 41. Rxb4 Kd6 42. Rb8 Bd7 43. Rh8 Bf6 44. Rh6 Ke7 45. Bxd5 Bxg4 46. Be4
Ke6 47. a4 Ke5 48. Bd3 Bd8 49. Kc2 Ba5 50. Ra6 Bb4 51. Kb3 Kd4 52. Kxb4 Kxd3
53. Rd6+ Ke4 54. Kxc3 Ke5 55. Rd2 Be6 56. Kb4 Bc8 57. Kc5 1-0

[Event "DVM U20 2013"]
[Site "Osnabrück GER"]
[Date "2013.12.27"]
[Round "1"]
[White "Borowski, Tim"]
[Black "Wichmann, Adrian"]
[Result "0-1"]
[Termination "normal"]
[Board "6.6"]
[WhiteElo "1353"]
[BlackElo "1786"]
[WhiteTeam "SK Gernsheim"]
[BlackTeam "SC Forchheim"]
[WhiteFideId "24698962"]
[BlackFideId "12904708"]
[EventCountry "GER"]
[EventRounds "7"]
[EventType "team-swiss"]
[EventDate "2013.12.26"]

1. e4 c5 2. Nf3 g6 3. Bc4 Bg7 4. d4 cxd4 5. Nxd4 Nc6 6. Nxc6 bxc6 7. Nc3 Qc7 8.
Bb3 Ba6 9. Be3 Nf6 10. f3 O-O 11. Qd2 Rfd8 12. g4 h5 13. gxh5 Nxh5 14. Rg1 e6
15. O-O-O Be5 16. Ne2 Bxe2 17. Qxe2 d5 18. Kb1 Nf4 19. Qe1 a5 20. exd5 cxd5 21.
c3 Rdb8 22. Bxf4 Bxf4 23. Rd4 Be5 24. Ra4 Bg7 25. Qg3 Qc5 26. h4 d4 27. cxd4
Bxd4 28. h5 Qf5+ 29. Bc2 Rxb2+ 30. Kc1 Qxc2# 0-1

[Event "DVM U20 2013"]
[Site "Osnabrück GER"]
[Date "2013.12.27"]
[Round "1"]
[White "Peng, Xiang-Tobias"]
[Black "Carow, Johannes"]
[Result "0-1"]
[Termination "normal"]
[Board "7.1"]
[BlackTitle "FM"]
[WhiteElo "1936"]
[BlackElo "2399"]
[WhiteTeam "Heilbronner SV"]
[BlackTeam "Sfr.Heidesheim"]
[WhiteFideId "12964328"]
[BlackFideId "24692050"]
[EventCountry "GER"]
[EventRounds "7"]
[EventType "team-swiss"]
[EventDate "2013.12.26"]

1. e4 c5 2. Nf3 e6 3. c3 Nf6 4. e5 Nd5 5. d4 cxd4 6. cxd4 d6 7. Nc3 Nxc3 8.
bxc3 Qc7 9. Bd2 Nd7 10. exd6 Bxd6 11. Bd3 O-O 12. Ng5 Nf6 13. Qc2 h6 14. h4 e5
15. Nh7 Nxh7 16. Bxh7+ Kh8 17. d5 f5 18. Bg6 Qc4 19. h5 Bd7 20. a4 Qxd5 21.
O-O-O Bc6 22. Bxh6 Ba3+ 23. Kb1 Qc4 24. Bxg7+ Kxg7 25. Qd2 Rad8 0-1

[Event "DVM U20 2013"]
[Site "Osnabrück GER"]
[Date "2013.12.27"]
[Round "1"]
[White "Carow, Annelen"]
[Black "Wenninger, Patrick"]
[Result "0-1"]
[Termination "normal"]
[Board "7.2"]
[WhiteElo "2044"]
[BlackElo "1698"]
[WhiteTeam "Sfr.Heidesheim"]
[BlackTeam "Heilbronner SV"]
[WhiteFideId "24692492"]
[BlackFideId "12927880"]
[EventCountry "GER"]
[EventRounds "7"]
[EventType "team-swiss"]
[EventDate "2013.12.26"]

1. d4 Nf6 2. c4 c5 3. d5 b5 4. cxb5 a6 5. bxa6 Bxa6 6. Nc3 g6 7. g3 Bg7 8. Bg2
d6 9. Nf3 O-O 10. O-O Nbd7 11. Rb1 Qa5 12. Bd2 Rfb8 13. a4 Qc7 14. b3 Rb6 15.
Na2 Qb7 16. Bc3 Rb8 17. Nd2 Qa8 18. b4 cxb4 19. Nxb4 Nc5 20. Re1 Bc8 21. Nc4
R6b7 22. a5 Nfe4 23. Bxg7 Kxg7 24. Bxe4 Rxb4 25. Rxb4 Rxb4 26. Qa1+ Kg8 27. Nb6
Qb8 28. Bc2 Ba6 29. Qc3 Rb5 30. Ra1 Qa7 31. Ra3 Bb7 32. Kf1 Na6 33. Qd3 Rc5 34.
Bb3 Nb4 35. Qd2 Rxa5 36. Na4 Nxd5 37. Bxd5 Bxd5 38. Rd3 Bc4 39. Nb2 Bxd3 40.
Nxd3 Ra1+ 41. Kg2 Qb7+ 42. f3 Qb1 43. Kh3 Ra2 44. Qc3 Qf1+ 45. Kg4 Qxe2 46. Nf4
h5+ 0-1

[Event "DVM U20 2013"]
[Site "Osnabrück GER"]
[Date "2013.12.27"]
[Round "1"]
[White "Biefel, Christian"]
[Black "Faldum, Manfred"]
[Result "0-1"]
[Termination "normal"]
[Board "7.3"]
[WhiteElo "1764"]
[BlackElo "1910"]
[WhiteTeam "Heilbronner SV"]
[BlackTeam "Sfr.Heidesheim"]
[WhiteFideId "24692646"]
[BlackFideId "12921459"]
[EventCountry "GER"]
[EventRounds "7"]
[EventType "team-swiss"]
[EventDate "2013.12.26"]

1. c4 g6 2. Nc3 Bg7 3. g3 Nf6 4. Bg2 O-O 5. e4 d6 6. Nge2 c5 7. O-O Nc6 8. d3
a6 9. f4 Rb8 10. a4 Ne8 11. f5 Nc7 12. h4 b5 13. axb5 axb5 14. cxb5 Nxb5 15.
Qa4 Nbd4 16. Nxd4 Nxd4 17. Bh3 Bd7 18. Qd1 Ra8 19. Rb1 Nc6 20. h5 Ne5 21. Bg5
h6 22. Be3 g5 23. b4 Ra3 24. Nd5 Rxd3 25. Qe2 Bc6 26. bxc5 Bxd5 27. exd5 dxc5
28. Bg2 Qd6 29. Rfc1 Rc8 30. Be4 Ra3 31. Rb5 Qa6 32. Rc2 Rxe3 0-1

[Event "DVM U20 2013"]
[Site "Osnabrück GER"]
[Date "2013.12.27"]
[Round "1"]
[White "Beck, Michael"]
[Black "Mikeler, Marcel"]
[Result "1-0"]
[Termination "normal"]
[Board "7.4"]
[WhiteElo "1958"]
[BlackElo "1729"]
[WhiteTeam "Sfr.Heidesheim"]
[BlackTeam "Heilbronner SV"]
[WhiteFideId "1271924"]
[BlackFideId "12927856"]
[EventCountry "GER"]
[EventRounds "7"]
[EventType "team-swiss"]
[EventDate "2013.12.26"]

1. e4 c6 2. d4 d5 3. e5 Bf5 4. Be3 e6 5. Nd2 Ne7 6. Be2 Nd7 7. f4 Qb6 8. Nb3 a5
9. a4 Be4 10. Nf3 Nf5 11. Bf2 c5 12. dxc5 Bxc5 13. Nxc5 Nxc5 14. Bb5+ Kf8 15.
c3 Qc7 16. O-O g6 17. Nd2 Bd3 18. b4 Bxf1 19. Bxc5+ Kg7 20. Bxf1 b6 21. Bf2
Qxc3 22. b5 Ne3 23. Qc1 Rhc8 24. Qxc3 Rxc3 25. Nb1 Rb3 26. Ra3 Rxb1 27. Bxe3
Rb8 28. Kf2 f6 29. Bd4 f5 30. Bd3 Rc1 31. Ra2 Kf7 32. Ke3 Rb7 33. Bc2 Rh1 34.
Kf2 Rc1 35. Be3 Rh1 36. h3 Ke7 37. Bd4 Rc1 38. Be3 Rh1 39. g3 Rh2+ 40. Kf1 Rc7
41. Bf2 Rh1+ 42. Bg1 Rxh3 43. Kg2 Rh6 44. Bxb6 Rc8 45. Bxa5 g5 46. fxg5 Rg6 47.
Bd2 Rb8 48. Bd3 Kd7 49. a5 Rgg8 50. b6 Rgc8 51. Bb5+ Kd8 52. Bb4 1-0

[Event "DVM U20 2013"]
[Site "Osnabrück GER"]
[Date "2013.12.27"]
[Round "1"]
[White "Ignatov, Dmitriy"]
[Black "Luzius, Jannik"]
[Result "1-0"]
[Termination "normal"]
[Board "7.5"]
[WhiteElo "1706"]
[BlackElo "1619"]
[WhiteTeam "Heilbronner SV"]
[BlackTeam "Sfr.Heidesheim"]
[WhiteFideId "12927872"]
[BlackFideId "1271981"]
[EventCountry "GER"]
[EventRounds "7"]
[EventType "team-swiss"]
[EventDate "2013.12.26"]

1. e4 g6 2. d4 Bg7 3. Nf3 c5 4. c3 cxd4 5. cxd4 d6 6. Nc3 Nf6 7. Bc4 O-O 8. O-O
Bg4 9. Be3 Bxf3 10. Qxf3 Qc8 11. Bb3 Qg4 12. Nd5 Qd7 13. Rac1 Nxd5 14. Bxd5 e6
15. Bb3 a6 16. Rc2 Nc6 17. d5 exd5 18. Bxd5 Nb4 19. Rd2 Nxd5 20. Rxd5 Rae8 21.
b3 Re6 22. Rfd1 Qe7 23. Kf1 Rd8 24. Bf4 f6 25. Qd3 Bf8 26. f3 Kf7 27. Qc4 Rd7
28. Rxd6 Rdxd6 29. Rxd6 Qe8 30. Rxe6 Qxe6 31. Qxe6+ Kxe6 32. Ke2 Kd7 33. Kd3
Kc6 34. Kc4 b5+ 35. Kc3 a5 36. a4 Bb4+ 37. Kd3 bxa4 38. bxa4 Bc5 39. Bd2 Bb6
40. Kc4 Bc7 41. h3 Bd8 42. g4 Bc7 43. Bc3 Bd8 44. f4 h6 45. h4 f5 46. exf5 gxf5
47. g5 1-0

[Event "DVM U20 2013"]
[Site "Osnabrück GER"]
[Date "2013.12.27"]
[Round "1"]
[White "Pfeifer, Yannick"]
[Black "Thren, Christian"]
[Result "1/2-1/2"]
[Termination "normal"]
[Board "7.6"]
[WhiteElo "1385"]
[BlackElo "1543"]
[WhiteTeam "Sfr.Heidesheim"]
[BlackTeam "Heilbronner SV"]
[WhiteFideId "12953105"]
[BlackFideId "12964344"]
[EventCountry "GER"]
[EventRounds "7"]
[EventType "team-swiss"]
[EventDate "2013.12.26"]

1. e4 d5 2. exd5 Qxd5 3. Nc3 Qd6 4. d4 Nf6 5. Bc4 Bg4 6. Nge2 e6 7. f3 Bf5 8.
Bf4 Qb6 9. Bb3 Bd6 10. Qd2 Bxf4 11. Qxf4 Bg6 12. O-O-O Nbd7 13. g4 O-O-O 14. h4
h5 15. Ng3 a6 16. g5 Ne8 17. Nge4 Nd6 18. Nxd6+ Qxd6 19. Qxd6 cxd6 20. Na4 b5
21. Nc3 d5 22. a4 b4 23. Ne2 Kb7 24. c3 Rc8 25. Bc2 Bxc2 26. Kxc2 bxc3 27. bxc3
Rc4 28. a5 Rhc8 29. Rb1+ Ka7 30. f4 R8c7 31. Rhf1 Rb7 32. Rxb7+ Kxb7 33. Rb1+
Ka7 34. Nc1 Nb8 35. Nb3 Nc6 36. Kd3 Ra4 37. Nc5 Rxa5 38. Rb7+ Ka8 39. Rxf7 Ra1
40. Rf8+ Ka7 41. Rf7+ 1/2-1/2

[Event "DVM U20 2013"]
[Site "Osnabrück GER"]
[Date "2013.12.27"]
[Round "1"]
[White "Zhao, Kevin"]
[Black "Ospina Ocampo, Camilo"]
[Result "1/2-1/2"]
[Termination "normal"]
[Board "8.3"]
[WhiteElo "1867"]
[BlackElo "1855"]
[WhiteTeam "SC Erlangen"]
[BlackTeam "Karlsruher SF 1853"]
[WhiteFideId "1271884"]
[BlackFideId "12907030"]
[EventCountry "GER"]
[EventRounds "7"]
[EventType "team-swiss"]
[EventDate "2013.12.26"]

1. e4 e5 2. Nf3 Nc6 3. Bb5 Nf6 4. O-O Nxe4 5. d4 Nd6 6. Bxc6 dxc6 7. Nxe5 Be7
8. Nc3 Nf5 9. d5 cxd5 10. Nxd5 Be6 11. Nxe7 Qxd1 12. Rxd1 Kxe7 13. b3 Rhd8 14.
Ba3+ Ke8 15. Nf3 h6 16. c3 a5 17. g4 Ne7 18. Nd4 Nd5 19. Nxe6 fxe6 20. Re1 Kf7
21. Rac1 a4 22. b4 Nf6 23. g5 hxg5 24. Rc2 Rd3 25. Rce2 Re8 26. Bb2 Nd5 27. Rc2
Nf4 28. a3 Kg6 29. Bc1 Kf5 30. c4 Red8 31. Bxf4 gxf4 32. Rce2 Re8 33. Re5+ Kf6
34. Rc5 c6 35. b5 cxb5 36. Rxb5 Re7 37. Ra1 f3 38. Rb4 Rc7 39. Rxa4 Rc3 40. h3
R3xc4 41. Rxc4 Rxc4 42. Rb1 Rc3 43. a4 Ra3 44. Rb4 g5 45. Rxb7 Rxa4 46. Rb3 Rf4
47. Kh2 e5 48. Kg3 e4 49. Ra3 Ke6 50. Ra6+ Kf7 51. Ra7+ Kg6 52. Ra3 Rf5 53. Re3
Re5 54. Kg4 Kf6 55. Re1 Ke6 56. Re3 Kd5 57. Kg3 Kd4 58. h4 gxh4+ 59. Kxh4 Rc5
60. Kg4 Rc2 61. Kg3 Rc3 62. Re1 Kd3 63. Kf4 Rc4 64. Re3+ Kd2 65. Kg3 Rb4
1/2-1/2

[Event "DVM U20 2013"]
[Site "Osnabrück GER"]
[Date "2013.12.27"]
[Round "1"]
[White "Joeres, Stefan"]
[Black "Wegmann, Sven"]
[Result "0-1"]
[Termination "normal"]
[Board "8.4"]
[WhiteElo "1477"]
[BlackElo "1683"]
[WhiteTeam "Karlsruher SF 1853"]
[BlackTeam "SC Erlangen"]
[WhiteFideId "12983160"]
[BlackFideId "1270756"]
[EventCountry "GER"]
[EventRounds "7"]
[EventType "team-swiss"]
[EventDate "2013.12.26"]

1. e4 c5 2. Nf3 d6 3. b4 cxb4 4. d4 Nf6 5. Nbd2 e6 6. a3 bxa3 7. Bxa3 Be7 8. e5
dxe5 9. Bxe7 Qxe7 10. dxe5 Nd5 11. Bb5+ Bd7 12. Bxd7+ Nxd7 13. O-O O-O 14. Ne4
b6 15. c4 Nb4 16. Qa4 Nd3 17. Rfd1 N3xe5 18. Nxe5 Nxe5 19. f4 Ng6 20. Rd7 Qe8
21. Rxa7 Rxa7 22. Qxa7 Qc6 23. Re1 Ra8 0-1